| 000 | 00497nam a22001817a 4500 | ||
|---|---|---|---|
| 003 | NUST-PNEC | ||
| 005 | 20170116180701.0 | ||
| 008 | 140909b xxu||||| |||| 00| 0 eng d | ||
| 040 | _cPNEC | ||
| 082 | _a658.3 VIR | ||
| 100 |
_9270 _aDr. Mukhtar Ahmed |
||
| 245 |
_aHuman resource management MGT-501 (Lecture Notes) _cDr. Mukhtar Ahmed |
||
| 260 |
_aLahore _bVirtual University of Pakistan _cc.2012 |
||
| 300 |
_a198 p. : _c26 cm. |
||
| 500 | _aLecture Notes | ||
| 650 | _xMIS | ||
| 942 |
_2ddc _cBK |
||
| 999 |
_c60553 _d60553 |
||